Detalles MARC
| 000 -CABECERA |
| campo de control de longitud fija |
01073nam a2200241 a 4500 |
| 001 - NÚMERO DE CONTROL |
| campo de control |
000023760 |
| 005 - FECHA Y HORA DE LA ÚLTIMA TRANSACCIÓN |
| campo de control |
20250924073802.0 |
| 008 - DATOS DE LONGITUD FIJA--INFORMACIÓN GENERAL |
| campo de control de longitud fija |
110113s2004 dr 001 0 spa d |
| 020 ## - NÚMERO INTERNACIONAL ESTÁNDAR DEL LIBRO |
| Número Internacional Estándar del Libro |
9993477400 |
| 040 ## - FUENTE DE LA CATALOGACIÓN |
| Centro catalogador/agencia de origen |
DO-SdBNP |
| Lengua de catalogación |
spa |
| Centro/agencia transcriptor |
BNPHU |
| 049 ## - FONDOS LOCALES (OCLC) |
| Fondos de biblioteca |
BNPD |
| 111 2# - ENTRADA PRINCIPAL--NOMBRE DE CONGRESO/REUNIÓN |
| Nombre de congreso/reunión o jurisdicción como elemento de entrada |
Encuentro internacional de escritores "Pablo Neruda". |
| Sede del congreso/Lugar de la reunión |
(Santo Domingo |
| Fecha del congreso/reunión |
1983: sept., 11) |
| 9 (RLIN) |
48917 |
| 245 10 - MENCIÓN DE TÍTULO |
| Título |
Encuentro internacional de escritores "Pablo Neruda". / |
| Mención de responsabilidad, etc. |
coordinador Mateo Morrison : presentación Porfirio García Fernández. |
| 246 14 - FORMA VARIANTE DE TÍTULO |
| Título propio/Titulo breve |
Actas y documentos: |
| Resto del título |
encuentro internacional de escritores "Pablo Neruda" |
| 260 ## - PUBLICACIÓN, DISTRIBUCIÓN, ETC. |
| Lugar de publicación, distribución, etc. |
Santo Domingo : |
| Nombre del editor, distribuidor, etc. |
Universidad Autónoma de Santo Domingo, |
| Fecha de publicación, distribución, etc. |
2004. |
| 300 ## - DESCRIPCIÓN FÍSICA |
| Extensión |
121 p. ; |
| Dimensiones |
20 cm. |
| 490 1# - MENCIÓN DE SERIE |
| Mención de serie |
Publicaciones de la Universidad Autónoma de Santo Domingo |
| Designación de volumen o secuencia |
1145 |
| 490 1# - MENCIÓN DE SERIE |
| Mención de serie |
Literatura y sociedad |
| Designación de volumen o secuencia |
no. 42 |
| 700 1# - PUNTO DE ACCESO ADICIONAL--NOMBRE DE PERSONA |
| Nombre de persona |
Morrison, Mateo, |
| Fechas asociadas al nombre |
1947- |
| Término indicativo de función/relación |
coor. |
| 9 (RLIN) |
1469 |
| 700 1# - PUNTO DE ACCESO ADICIONAL--NOMBRE DE PERSONA |
| Nombre de persona |
García Fernández, Porfirio |
| 9 (RLIN) |
17488 |
| 830 ## - PUNTO DE ACCESO ADICIONAL DE SERIE-TÍTULO UNIFORME |
| Título uniforme |
Publicaciones de la Universidad Autónoma de Santo Domingo |
| Designación de volumen o secuencia |
1145 |
| 9 (RLIN) |
52 |
| 830 #0 - PUNTO DE ACCESO ADICIONAL DE SERIE-TÍTULO UNIFORME |
| Título uniforme |
Literatura y sociedad |
| Designación de volumen o secuencia |
no. 42 |
| 9 (RLIN) |
12032 |